1427 1615 1450 1883 1212 1436 1464 1256 1737 1938 1986 1309 1405 1306 1894 1707 1218 1128 1410 1485 1376 1158 1856 1465 1370 1261 1090 1016 1169 1404 1481 1383 1432 1367 1524 1466 1775 1739 1038 1223 1608 1764 1055 1193 1102 1286 1709 1282 1182 1985 1502 1606 1074 1907 1549 1522 1614 1855 1065 1893 1647 1753 1850 1497 1685 1738 1932 1464 1688 1118 1500 1393 1926 1783 1297 1160 1856 1300 1948 1737 1279 1820 1817 1216 1654 1742 1976 1268 1383 1894 1728 1625 1967 1288 1724 1547 1499 1213 1650 BCNSPRNW ULIB Ver.6.0+V

เปลี่ยนเป็นภาษาไทย

Change to English
 แสดงรายละเอียดบรรณานุกรม
  กลับหน้าหลัก

Brief Record : Get Marc (ISO 2709) : E-mail record : QR code < ปิดหน้าต่าง
LEADER : 00000nam 2200000uu 4500
001    13399124638
003     ULIB
008    020711s2558 th a 000 0 tha d
099    วจ.WQ248^bอ496ก
100    อัจฉโรบล แสงประเสริฐ
245    ปัจจัยบางประการ และการสนับสนุนจากสามี ที่มีอิทธิพลต่อพฤติกรรมการดูแลตนเองของสตรีตั้งครรภ์ ที่เป็นเบาหวานชนิด เอ วัน/^cอัจฉโรบล แสงประเสริฐ,พลอยไพลิน มาสุข กำแพงจินดา
260    นครสวรรค์ :^bวิทยาลัยพยาบาลบรมราชชนี สวรรค์ประชารักษ์ นครสวรรค์,^c2558
300    55 หน้า;^b29 ซม.
650    สตรีตั้งครรภ์^xเบาหวาน^yวิจัย
700    พลอยไพลิน มาสุข กำแพงจินดา
945    ^p0^l0^i23253
รายการนี้ยังไม่มีแท็ก
คุณยังไม่ได้ล็อกอิน คุณสามารถมีกิจกรรมร่วมกับเว็บไซต์ได้ แต่ต้องล็อกอินก่อน ::
  ล็อกอิน

รายการสื่อสารสนเทศ

ลำดับที่ ประเภท เลขเรียก/บาร์โค้ด สถานที่ สถานะ
1. งานวิจัย
งานวิจัย
วจ.WQ248 อ496ก ฉ.1 
  Barcode: 23253
ห้องสมุดวิทยาเขตนครสวรรค์
►วิจัย:l:Research Room
บนชั้น

รายการใกล้เคียง
    ผู้แต่ง [อัจฉโรบล แสงประเสริฐ]

BibComment


ยังไม่เคยถูกคอมเมนท์

คอมเมนท์ทรัพยากรรายการนี้
  คอมเมนท์: ปัจจัยบางประการ แ..


 Copyright 2026. Bcnsprnw @Library